000 00503nam a2200181Ia 4500
008 100917s9999 xx 000 0 und d
082 _b16509
100 _aफाटक गणेश कृष्णशास्त्री
245 _aनानाची माया
260 _b---
_c1931
300 _a96
365 _b0.75
520 _aनाटक
630 _aनानाची माया
650 _aनाटक
730 _aनानाची माया
942 _cBOOK
999 _c621903
_d621900